000 00783cab a2200229 4500
001 WB3235-02
008 090401t1996 xxu||||| |||| 00| 0 eng d
035 _a(Sirsi) u1302
041 _aeng
245 _aCouncil projects late
260 _c1996
350 _a0
490 _aBuilding
_v261 (7958) 20 September 1996, 12(1)
520 _aA report by the Audit Commission "Just Capital: Local Authority Management of Capital Projects" reports that two-thirds of local authority construction projects finish late and over a quarter run five per cent or more over budget.
650 _aAUDIT COMMISSION
650 _aCONSTRUCTION PROJECTS
650 _aCOSTS
650 _aLOCAL AUTHORITIES
690 _aBUILT ENVIRONMENT-BUILDING COSTS
942 _n0
948 _c04/03/1997
999 _c711
_d711